[Event "Pan American-ch U2000"]
[Site "Timbo"]
[Date "2021.12.05"]
[Round "9"]
[White "Cordioli, Jairo Ribeiro"]
[Black "De Mello, Amanda Carolina"]
[Result "1-0"]
[WhiteElo "1726"]
[BlackElo "1723"]
[PlyCount "133"]
[EventDate "2021.12.01"]
[EventType "swiss"]
[EventRounds "9"]
[EventCountry "BRA"]
[SourceTitle "CBM 205 Extra"]
[Source "ChessBase"]
[SourceDate "2022.01.31"]
[SourceVersion "1"]
[SourceVersionDate "2022.01.31"]
[SourceQuality "1"]

1. d4 d5 2. c4 c6 3. Nc3 Nf6 4. Nf3 dxc4 5. a4 Bf5 6. e3 e6 7. Bxc4 Bb4 8. 0-0 0-0 9. Bd2 a5 10. Qe2 Nbd7 11. h3 Re8 12. Nh4 Bg6 13. Nxg6 hxg6 14. Rad1 Nb6 15. Bb3 Qc7 16. e4 Nh7 17. Qg4 Rad8 18. Be3 Nd7 19. f4 Nhf6 20. Qf3 c5 21. Nb5 Qb8 22. d5 exd5 23. e5 d4 24. Bc1 Nh7 25. Qg4 Ndf8 26. Rd3 c4 27. Bxc4 Qc8 28. b3 Qxg4 29. hxg4 Ne6 30. Bxe6 Rxe6 31. Ba3 Bxa3 32. Nxa3 g5 33. g3 f6 34. Re1 Rde8 35. Nc4 fxe5 36. Rxe5 b6 37. Rxe6 Rxe6 38. Rxd4 Re1+ 39. Kf2 Rb1 40. Rd3 Nf6 41. Kf3 gxf4 42. g5 Nh7 43. gxf4 Nf8 44. Nxb6 Ne6 45. g6 Rf1+ 46. Ke3 Rxf4 47. Rd8+ Nxd8 48. Kxf4 Ne6+ 49. Ke5 Nc5 50. Kd5 Nxb3 51. Kc4 Nd2+ 52. Kb5 Nb3 53. Nc4 Kf8 54. Nxa5 Nd4+ 55. Kc4 Ne6 56. Nc6 Ke8 57. a5 Nc7 58. Kc5 Kd7 59. Kb6 Kd6 60. Kb7 Kd7 61. Nd4 Kd6 62. Nf5+ Kd7 63. Nxg7 Nb5 64. Nf5 Ke6 65. g7 Kf7 66. a6 Kg8 67. Kb6 1-0

[Event "Pan American-ch U2000"]
[Site "Timbo"]
[Date "2021.12.04"]
[Round "8"]
[White "Andreata, Mauro Antonio"]
[Black "De Mello, Amanda Carolina"]
[Result "1/2-1/2"]
[WhiteElo "1652"]
[BlackElo "1723"]
[PlyCount "106"]
[EventDate "2021.12.01"]
[EventType "swiss"]
[EventRounds "9"]
[EventCountry "BRA"]
[SourceTitle "CBM 205 Extra"]
[Source "ChessBase"]
[SourceDate "2022.01.31"]
[SourceVersion "1"]
[SourceVersionDate "2022.01.31"]
[SourceQuality "1"]

1. d4 d5 2. c4 c6 3. Nc3 Nf6 4. Nf3 dxc4 5. a4 Bf5 6. e3 e6 7. Bxc4 Bb4 8. Bd2 h6 9. 0-0 0-0 10. Re1 Qe7 11. Qb3 a5 12. Ne5 Rd8 13. Rad1 Nbd7 14. Nd3 Nb6 15. Nb1 Bxd2 16. Nxd2 Nxc4 17. Nxc4 Bg6 18. Nde5 Bh5 19. f3 Nd5 20. g4 Bg6 21. Nxg6 fxg6 22. Ne5 Kh7 23. Qc2 Qf6 24. Kg2 Rac8 25. Qe4 c5 26. Kg3 cxd4 27. Rxd4 Ne7 28. f4 Nc6 29. Nxc6 Rxc6 30. Red1 Rxd4 31. Qxd4 Qxd4 32. Rxd4 Rb6 33. Re4 Kg8 34. Re5 Rxb2 35. Rxa5 Re2 36. Re5 Kf7 37. h4 Ra2 38. a5 Rb2 39. Kf3 Ke7 40. Rc5 Kd7 41. Ke4 Rb3 42. Kd4 b6 43. axb6 Rxb6 44. Ra5 Rb7 45. Ke5 Ke7 46. e4 Rc7 47. Ra6 Rc5+ 48. Kd4 Rc7 49. e5 Rb7 50. Kc5 Rd7 51. Rc6 Kf7 52. Rd6 Rc7+ 53. Rc6 Rd7 1/2-1/2

[Event "Pan American-ch U2000"]
[Site "Timbo"]
[Date "2021.12.03"]
[Round "5"]
[White "Boabaid, Jorge Alberto Duard"]
[Black "De Mello, Amanda Carolina"]
[Result "1-0"]
[WhiteElo "1705"]
[BlackElo "1723"]
[PlyCount "54"]
[EventDate "2021.12.01"]
[EventType "swiss"]
[EventRounds "9"]
[EventCountry "BRA"]
[SourceTitle "CBM 205 Extra"]
[Source "ChessBase"]
[SourceDate "2022.01.31"]
[SourceVersion "1"]
[SourceVersionDate "2022.01.31"]
[SourceQuality "1"]

1. e4 e5 2. Nf3 Nc6 3. Bc4 Bc5 4. 0-0 Nf6 5. b4 Bxb4 6. c3 Ba5 7. d4 0-0 8. dxe5 Nxe4 9. Qc2 Nc5 10. Ng5 g6 11. f4 d5 12. exd6 Bf5 13. Qf2 Ne6 14. dxc7 Bxc7 15. Be3 h6 16. Nxe6 fxe6 17. Qg3 Qf6 18. Nd2 Kh7 19. Nb3 Qxc3 20. Rac1 Qf6 21. Rfd1 Rad8 22. Nc5 e5 23. Nxb7 Rxd1+ 24. Rxd1 Nd4 25. fxe5 Bxe5 26. Qf2 Nc6 27. Nc5 Be4 1-0

[Event "Pan American-ch U2000"]
[Site "Timbo"]
[Date "2021.12.02"]
[Round "3"]
[White "De Mello, Amanda Carolina"]
[Black "Santos, Otavio Belegarde do"]
[Result "1-0"]
[WhiteElo "1723"]
[BlackElo "1816"]
[PlyCount "95"]
[EventDate "2021.12.01"]
[EventType "swiss"]
[EventRounds "9"]
[EventCountry "BRA"]
[SourceTitle "CBM 205 Extra"]
[Source "ChessBase"]
[SourceDate "2022.01.31"]
[SourceVersion "1"]
[SourceVersionDate "2022.01.31"]
[SourceQuality "1"]

1. c4 e6 2. Nc3 d5 3. cxd5 exd5 4. d4 Nf6 5. g3 c6 6. Bg2 Bd6 7. Nf3 0-0 8. 0-0 Bg4 9. a3 Nbd7 10. b4 Nb6 11. b5 Nc4 12. Nd2 Nxd2 13. Bxd2 Qd7 14. Bg5 Be7 15. Re1 h6 16. bxc6 bxc6 17. Bf4 Bd6 18. Bxd6 Qxd6 19. f3 Bh5 20. Qd2 Rad8 21. Na4 Rfe8 22. Nc5 Nd7 23. Nb7 Qf6 24. Nxd8 Rxd8 25. Rab1 Nb6 26. Rb3 Nc4 27. Qc3 a5 28. a4 Qg5 29. e4 Qd2 30. Qxd2 Nxd2 31. Rd3 Nc4 32. Rb1 Bg6 33. Rb7 Re8 34. Rdb3 Kh7 35. Rb8 Re6 36. Bh3 Re7 37. e5 Bc2 38. R3b7 Rxb7 39. Rxb7 Kg6 40. f4 Nd2 41. f5+ Bxf5 42. Bxf5+ Kxf5 43. Rxf7+ Ke6 44. Rf2 Ne4 45. Rb2 Nc3 46. Rc2 Nxa4 47. Rxc6+ Kd7 48. Ra6 1-0

[Event "Florianopolis op 7th"]
[Site "Florianopolis"]
[Date "2021.01.23"]
[Round "9"]
[White "De Mello, Amanda Carolina"]
[Black "Butzke, Lucas de Castro"]
[Result "1-0"]
[WhiteElo "1745"]
[BlackElo "1286"]
[PlyCount "59"]
[EventDate "2021.01.18"]
[EventType "swiss"]
[EventRounds "10"]
[EventCountry "BRA"]
[SourceTitle "CBM 200 Extra"]
[Source "ChessBase"]
[SourceDate "2021.03.31"]
[SourceVersion "1"]
[SourceVersionDate "2021.03.31"]
[SourceQuality "1"]

1. d4 Nf6 2. c4 c5 3. d5 e6 4. Nc3 exd5 5. cxd5 d6 6. Nf3 g6 7. g3 Bg7 8. Bg2 0-0 9. 0-0 Re8 10. Nd2 Na6 11. h3 Nc7 12. a4 b6 13. e4 Rb8 14. f4 Ba6 15. Re1 Nh5 16. Qf3 Bxc3 17. bxc3 Nxd5 18. Bb2 Nc7 19. c4 Rf8 20. g4 Ng7 21. f5 f6 22. Qg3 g5 23. h4 h6 24. hxg5 hxg5 25. Kf2 Qe7 26. Rh1 Rbd8 27. Rh6 Bb7 28. Rah1 Na6 29. Qh3 Nb4 30. Rg6 1-0

[Event "Florianopolis op 7th"]
[Site "Florianopolis"]
[Date "2021.01.20"]
[Round "4"]
[White "Mariani, Daniel Brandao"]
[Black "De Mello, Amanda Carolina"]
[Result "1-0"]
[WhiteElo "2072"]
[BlackElo "1745"]
[PlyCount "43"]
[EventDate "2021.01.18"]
[EventType "swiss"]
[EventRounds "10"]
[EventCountry "BRA"]
[SourceTitle "CBM 200 Extra"]
[Source "ChessBase"]
[SourceDate "2021.03.31"]
[SourceVersion "1"]
[SourceVersionDate "2021.03.31"]
[SourceQuality "1"]

1. d4 d5 2. c4 c6 3. cxd5 cxd5 4. Nc3 Nf6 5. f3 Nc6 6. e4 dxe4 7. d5 Ne5 8. fxe4 e6 9. Nf3 Nxf3+ 10. Qxf3 Be7 11. Bb5+ Bd7 12. dxe6 Bxb5 13. exf7+ Kf8 14. Nxb5 Qa5+ 15. Nc3 Bd6 16. 0-0 Qc7 17. Bf4 Bxf4 18. Qxf4 Qxf4 19. Rxf4 Rd8 20. Rf5 Kxf7 21. Nd5 Kg6 22. Nf4+ 1-0

[Event "Florianopolis op 7th"]
[Site "Florianopolis"]
[Date "2021.01.19"]
[Round "3"]
[White "De Mello, Amanda Carolina"]
[Black "Casalaspro, Mathias Andre"]
[Result "1-0"]
[WhiteElo "1745"]
[BlackElo "1425"]
[PlyCount "42"]
[EventDate "2021.01.18"]
[EventType "swiss"]
[EventRounds "10"]
[EventCountry "BRA"]
[SourceTitle "CBM 200 Extra"]
[Source "ChessBase"]
[SourceDate "2021.03.31"]
[SourceVersion "1"]
[SourceVersionDate "2021.03.31"]
[SourceQuality "1"]

1. c4 Nf6 2. Nc3 e6 3. e4 Nc6 4. Nf3 d5 5. e5 Ng4 6. d4 Be7 7. Be2 Na5 8. b3 c5 9. h3 Nh6 10. cxd5 exd5 11. dxc5 Be6 12. a3 Nf5 13. Bb5+ Nc6 14. b4 0-0 15. 0-0 a5 16. Rb1 Qc7 17. Nxd5 Bxd5 18. Qxd5 Rfd8 19. Qe4 Nfd4 20. Bxc6 Nxc6 21. Bf4 Rd4 1-0

[Event "Sao Paulo Carnaval op"]
[Site "Sao Paulo"]
[Date "2020.02.24"]
[Round "6"]
[White "De Mello, Amanda Carolina"]
[Black "Bueno, Danilo"]
[Result "0-1"]
[WhiteElo "1763"]
[BlackElo "1900"]
[PlyCount "54"]
[EventDate "2020.02.22"]
[EventType "swiss"]
[EventRounds "7"]
[EventCountry "BRA"]
[SourceTitle "CBM 195 Extra"]
[Source "ChessBase"]
[SourceDate "2020.05.31"]
[SourceVersion "1"]
[SourceVersionDate "2020.05.31"]
[SourceQuality "1"]

1. c4 c5 2. Nc3 Nc6 3. g3 g6 4. Bg2 Nf6 5. e3 d6 6. Nge2 Bg7 7. d3 0-0 8. 0-0 Qd7 9. a3 b6 10. b4 Bb7 11. Rb1 Rfd8 12. Bd2 Ne5 13. Nf4 Bxg2 14. Kxg2 Qb7+ 15. e4 e6 16. Be1 g5 17. Nh3 d5 18. cxd5 exd5 19. Qe2 dxe4 20. dxe4 cxb4 21. axb4 g4 22. Nf4 Rd4 23. Rg1 Nxe4 24. Kf1 Nf3 25. Nxe4 Rxe4 26. Qb2 Rae8 27. Bd2 Rxf4 0-1

[Event "Sao Paulo Carnaval op"]
[Site "Sao Paulo"]
[Date "2020.02.23"]
[Round "3"]
[White "Flores, Clarice Soares Leit"]
[Black "De Mello, Amanda Carolina"]
[Result "1/2-1/2"]
[WhiteElo "1450"]
[BlackElo "1763"]
[PlyCount "108"]
[EventDate "2020.02.22"]
[EventType "swiss"]
[EventRounds "7"]
[EventCountry "BRA"]
[SourceTitle "CBM 195 Extra"]
[Source "ChessBase"]
[SourceDate "2020.05.31"]
[SourceVersion "1"]
[SourceVersionDate "2020.05.31"]
[SourceQuality "1"]

1. d4 d5 2. Bf4 Nf6 3. e3 c5 4. c3 Qb6 5. Qb3 c4 6. Qc2 g6 7. Nd2 Nc6 8. e4 e6 9. Ngf3 Bg7 10. e5 Nd7 11. Be2 0-0 12. h4 h5 13. Ng5 Ne7 14. g4 f6 15. exf6 Rxf6 16. Bg3 hxg4 17. Bxg4 Nf5 18. Bxf5 exf5 19. Bf4 Rf8 20. 0-0-0 Nf6 21. Nf1 Bd7 22. Ng3 Ne4 23. h5 Qa6 24. N3xe4 fxe4 25. Be3 Bg4 26. Rdg1 gxh5 27. a3 Rf6 28. Rg3 Rg6 29. Rhg1 Qf6 30. Nh3 Bh6 31. Bxh6 Rxh6 32. Rf1 Kh8 33. Qd2 Rh7 34. Ng5 Rg7 35. Nh3 Bxh3 36. Rxh3 Qg5 37. Rfh1 Qxd2+ 38. Kxd2 Rg2 39. Rxh5+ Kg7 40. Ke3 Rd8 41. Rh7+ Kf6 42. Rxb7 Rg6 43. Rhh7 a5 44. Ra7 Kg5 45. Rhb7 Rf6 46. Rxa5 Z0 47. Ke2 Kg4 48. Rg7+ Kh5 49. Raa7 Rdf8 50. Rg2 Kh6 51. Rag7 Rxf2+ 52. Rxf2 Kxg7 53. Rg2+ Kh6 54. Rh2+ Kg6 1/2-1/2

[Event "Sao Paulo Carnaval op"]
[Site "Sao Paulo"]
[Date "2020.02.22"]
[Round "2"]
[White "De Mello, Amanda Carolina"]
[Black "Santana, Expedito"]
[Result "1-0"]
[WhiteElo "1763"]
[BlackElo "1457"]
[PlyCount "73"]
[EventDate "2020.02.22"]
[EventType "swiss"]
[EventRounds "7"]
[EventCountry "BRA"]
[SourceTitle "CBM 195 Extra"]
[Source "ChessBase"]
[SourceDate "2020.05.31"]
[SourceVersion "1"]
[SourceVersionDate "2020.05.31"]
[SourceQuality "1"]

1. c4 Nf6 2. Nc3 c6 3. g3 e6 4. Bg2 d5 5. b3 Be7 6. Bb2 0-0 7. Nf3 Nbd7 8. 0-0 Qc7 9. cxd5 exd5 10. Rc1 Qa5 11. d3 Ba3 12. Qd2 Bxb2 13. Qxb2 Re8 14. b4 Qc7 15. Rfe1 Ne5 16. Nd4 a6 17. Nxd5 Nxd5 18. Bxd5 Bh3 19. Bg2 Qe7 20. f3 Bxg2 21. Kxg2 Rad8 22. Nb3 Qc7 23. d4 Ng6 24. e4 Qd7 25. a3 Ne7 26. Rcd1 b6 27. Qc3 f5 28. Qc4+ Kh8 29. Qxa6 Ra8 30. Qxb6 Rxa3 31. Nc5 Ra2+ 32. Kg1 Qd6 33. exf5 Rb8 34. Rxe7 Raa8 35. Re6 Qxe6 36. Qxb8+ Rxb8 37. fxe6 1-0

[Event "Rio de Janeiro Duchamp op 3rd"]
[Site "Rio de Janeiro"]
[Date "2019.12.07"]
[Round "1"]
[White "Rocha, Vitor Firmo de Souz"]
[Black "De Mello, Amanda Carolina"]
[Result "1-0"]
[WhiteElo "2169"]
[BlackElo "1768"]
[PlyCount "33"]
[EventDate "2019.12.07"]
[EventType "swiss"]
[EventRounds "9"]
[EventCountry "BRA"]
[SourceTitle "EXT 2021"]
[Source "ChessBase"]
[SourceDate "2020.10.23"]
[SourceVersion "1"]
[SourceVersionDate "2020.10.23"]
[SourceQuality "1"]

1. e4 e5 2. Nf3 Nc6 3. d4 exd4 4. Bc4 Bb4+ 5. c3 dxc3 6. 0-0 Nge7 7. Nxc3 Bxc3 8. bxc3 0-0 9. e5 h6 10. Ba3 b6 11. Qd3 Na5 12. Bb5 Re8 13. Rad1 Nac6 14. Rfe1 a6 15. Ba4 b5 16. Bb3 Ng6 17. Qxg6 1-0

[Event "BRA-ch sf (Women)"]
[Site "Sao Paulo"]
[Date "2018.12.08"]
[Round "3"]
[White "Gazola, Vanessa Ramos"]
[Black "De Mello, Amanda Carolina"]
[Result "1-0"]
[WhiteElo "1976"]
[BlackElo "1801"]
[PlyCount "83"]
[EventDate "2018.12.07"]
[EventType "swiss"]
[EventRounds "6"]
[EventCountry "BRA"]
[SourceTitle "EXT 2022"]
[Source "ChessBase"]
[SourceDate "2021.10.06"]
[SourceVersion "1"]
[SourceVersionDate "2021.10.06"]
[SourceQuality "1"]

1. d4 d5 2. c4 c6 3. Nf3 Nf6 4. Qc2 dxc4 5. Qxc4 Bf5 6. g3 e6 7. Bg2 h6 8. 0-0 Be7 9. Nc3 0-0 10. e3 Nbd7 11. Qe2 Ne4 12. Rd1 Qa5 13. Bd2 Qb6 14. Be1 Rad8 15. Rac1 Ndf6 16. Ne5 Bh7 17. Na4 Qc7 18. f3 Nd6 19. Nc5 Nd5 20. e4 Nb6 21. b4 Qc8 22. a4 f6 23. Bh3 f5 24. Qa2 Rf6 25. a5 Na8 26. Ned7 Rxd7 27. e5 Rf7 28. Nxd7 Qxd7 29. exd6 Bxd6 30. a6 Nb6 31. axb7 Bb8 32. Qc2 Qxb7 33. Qxc6 Qe7 34. f4 Bg6 35. Bf2 Rf8 36. Re1 Bf7 37. Bxf5 Rc8 38. Qxc8+ Nxc8 39. Rxc8+ Be8 40. Rxe6 Qxb4 41. Rexe8+ Kf7 42. Rxb8 1-0

[Event "BRA-ch sf (Women)"]
[Site "Sao Paulo"]
[Date "2018.12.07"]
[Round "2"]
[White "De Mello, Amanda Carolina"]
[Black "Bonfim, Regina Rodrigues"]
[Result "1-0"]
[WhiteElo "1801"]
[BlackElo "1713"]
[PlyCount "133"]
[EventDate "2018.12.07"]
[EventType "swiss"]
[EventRounds "6"]
[EventCountry "BRA"]
[SourceTitle "EXT 2022"]
[Source "ChessBase"]
[SourceDate "2021.10.06"]
[SourceVersion "1"]
[SourceVersionDate "2021.10.06"]
[SourceQuality "1"]

1. c4 e5 2. g3 Nf6 3. Bg2 d5 4. cxd5 Nxd5 5. Nc3 Nf6 6. d3 Be7 7. Qa4+ c6 8. Nf3 Nbd7 9. 0-0 0-0 10. Bd2 Re8 11. Rfd1 Bf8 12. Rac1 Nb6 13. Qc2 Nfd5 14. a3 Nxc3 15. Bxc3 f6 16. b4 Be6 17. Nd2 Nd5 18. Bb2 Rc8 19. Ne4 b6 20. d4 exd4 21. Bxd4 Qe7 22. Nc3 Nxc3 23. Bxc3 c5 24. Qb2 Qf7 25. e3 Red8 26. Rd2 Be7 27. Rcd1 Rxd2 28. Qxd2 Qf8 29. Bd5 Bxd5 30. Qxd5+ Kh8 31. Qb7 cxb4 32. Bxb4 Bxb4 33. axb4 Rd8 34. Ra1 Qxb4 35. Rxa7 Rg8 36. Ra6 b5 37. Rb6 h6 38. Rxb5 Qg4 39. Rb4 Qd1+ 40. Kg2 Re8 41. Rb5 Qd8 42. Rc5 Qd6 43. Rc8 Rxc8 44. Qxc8+ Kh7 45. Qc4 Kh8 46. h4 Qe7 47. Qd5 Qc7 48. h5 Kh7 49. Qe4+ Kg8 50. Kf3 Qd7 51. Qc4+ Kh8 52. g4 f5 53. Kg3 Qd6+ 54. Qf4 Qxf4+ 55. Kxf4 fxg4 56. Kf5 Kg8 57. Kg6 Kf8 58. e4 Kg8 59. e5 Kf8 60. e6 Ke7 61. Kxg7 Kxe6 62. Kxh6 Kf6 63. Kh7 Kf7 64. h6 Kf8 65. Kg6 Kg8 66. Kh5 Kf7 67. Kxg4 1-0

[Event "Curitiba op"]
[Site "Curitiba"]
[Date "2018.02.23"]
[Round "2"]
[White "Cadilhac, Igor Tokuichi Kikuc"]
[Black "De Mello, Amanda Carolina"]
[Result "1-0"]
[WhiteElo "2215"]
[BlackElo "1818"]
[PlyCount "97"]
[EventDate "2018.02.23"]
[EventType "swiss"]
[EventRounds "6"]
[EventCountry "BRA"]
[SourceTitle "CBM 183 Extra"]
[Source "ChessBase"]
[SourceDate "2018.04.19"]
[SourceVersion "1"]
[SourceVersionDate "2018.04.19"]
[SourceQuality "1"]

1. d4 d5 2. Nc3 Nf6 3. Bg5 Nbd7 4. Nf3 h6 5. Bh4 g6 6. e3 Bg7 7. Bd3 c6 8. 0-0 0-0 9. Qd2 Re8 10. Ne5 Nxe5 11. dxe5 Ng4 12. f4 d4 13. exd4 Qxd4+ 14. Kh1 Qe3 15. Qxe3 Nxe3 16. Rfe1 Nf5 17. Bf2 h5 18. Ne4 Bh6 19. g3 Be6 20. c4 b6 21. Rad1 Red8 22. h3 c5 23. Nc3 Nd4 24. Be4 Rac8 25. Nd5 Kf8 26. Kg2 Nc6 27. Be3 Bf5 28. Bf3 Nb4 29. g4 hxg4 30. hxg4 Be6 31. f5 Bxe3 32. Nxe3 Bd7 33. Rh1 Kg7 34. Bd5 Bc6 35. g5 e6 36. f6+ Kg8 37. Bf3 Rxd1 38. Rxd1 Bxf3+ 39. Kxf3 Nc6 40. Rd6 Nxe5+ 41. Ke4 Nc6 42. Ng4 Nd8 43. Rd7 a5 44. Ke5 Kf8 45. Ke4 Nc6 46. Rb7 Rb8 47. Rc7 Nd8 48. Ne5 Ke8 49. Re7+ 1-0

[Event "Caioba Telecom op"]
[Site "Caioba"]
[Date "2017.09.30"]
[Round "5"]
[White "Ribeiro, Gilnei Guedes"]
[Black "De Mello, Amanda Carolina"]
[Result "0-1"]
[WhiteElo "1524"]
[BlackElo "1836"]
[PlyCount "67"]
[EventDate "2017.09.28"]
[EventType "swiss"]
[EventRounds "8"]
[EventCountry "BRA"]
[SourceTitle "EXT 2018"]
[Source "ChessBase"]
[SourceDate "2017.10.13"]
[SourceVersion "1"]
[SourceVersionDate "2017.10.13"]
[SourceQuality "1"]

1. d4 d5 2. Nf3 Nf6 3. Bf4 Bf5 4. e3 e6 5. Be2 h6 6. h3 Be7 7. 0-0 0-0 8. c4 c6 9. Nc3 Nbd7 10. Qb3 Qb6 11. c5 Qxb3 12. axb3 Ne4 13. Rfc1 f6 14. Nxe4 Bxe4 15. b4 a6 16. Ra2 Bxf3 17. Bxf3 e5 18. Bh2 Rad8 19. b5 axb5 20. b4 g6 21. Ra7 Rb8 22. Bd1 Bd8 23. Bc2 Kg7 24. f4 Bc7 25. f5 Rfe8 26. Rd1 Nf8 27. e4 Red8 28. Kf2 Rd7 29. exd5 Rxd5 30. Be4 Rd7 31. d5 gxf5 32. Bxf5 Rxd5 33. Rxd5 cxd5 34. c6 0-1

[Event "Caioba Telecom op"]
[Site "Caioba"]
[Date "2017.09.29"]
[Round "4"]
[White "De Mello, Amanda Carolina"]
[Black "Carvalho, Herbert Abreu"]
[Result "0-1"]
[WhiteElo "1836"]
[BlackElo "2153"]
[PlyCount "112"]
[EventDate "2017.09.28"]
[EventType "swiss"]
[EventRounds "8"]
[EventCountry "BRA"]
[SourceTitle "EXT 2018"]
[Source "ChessBase"]
[SourceDate "2017.10.13"]
[SourceVersion "1"]
[SourceVersionDate "2017.10.13"]
[SourceQuality "1"]

1. d4 Nf6 2. c4 e6 3. Nc3 b6 4. e4 Bb7 5. d5 e5 6. Nf3 Bb4 7. Qc2 Qe7 8. Bd2 0-0 9. a3 Bc5 10. h3 d6 11. Bd3 Bd4 12. 0-0 c5 13. Ne2 Nbd7 14. Ng3 g6 15. Bg5 Rfc8 16. Rab1 Qf8 17. Qd2 Ne8 18. Bh6 Qe7 19. Be2 Rc7 20. Nh2 Nf8 21. Bg4 Ba6 22. b3 Rb8 23. a4 Bc8 24. Qe2 Bb7 25. Kh1 Qh4 26. Qd2 Qe7 27. Qe2 Ng7 28. Qf3 Qh4 29. Bxg7 Kxg7 30. Qd3 Qf6 31. Bf3 Bc8 32. Qd1 a6 33. Bg4 Qf4 34. Qf3 Bxg4 35. Qxg4 Qxg4 36. Nxg4 b5 37. axb5 axb5 38. f3 h5 39. Nh2 Ra7 40. Ne2 Nd7 41. Rfd1 Ra2 42. Nxd4 cxd4 43. Nf1 Nc5 44. Kg1 Rc2 45. b4 Na4 46. cxb5 Nc3 47. Rd2 Rxd2 48. Nxd2 Nxb1 49. Nxb1 Rxb5 50. Nd2 Rxb4 51. Kf1 h4 52. Ke2 Rb2 53. Kd3 Rxd2+ 54. Kxd2 Kf6 55. Ke2 Kg5 56. Kf1 Kf4 0-1

[Event "Sao Bento do Sul op 08"]
[Site "Sao Bento do Sul"]
[Date "2017.08.19"]
[Round "2"]
[White "De Mello, Amanda Carolina"]
[Black "Acosta, Pablo Alejandro"]
[Result "0-1"]
[WhiteElo "1842"]
[BlackElo "1988"]
[PlyCount "122"]
[EventDate "2017.08.18"]
[EventType "swiss"]
[EventRounds "6"]
[EventCountry "BRA"]
[SourceTitle "EXT 2019"]
[Source "ChessBase"]
[SourceDate "2018.10.10"]
[SourceVersion "1"]
[SourceVersionDate "2018.10.10"]
[SourceQuality "1"]

1. c4 f5 2. Nc3 Nf6 3. g3 g6 4. Bg2 Bg7 5. Nf3 0-0 6. d3 d6 7. 0-0 c6 8. Rb1 e5 9. Bd2 Nbd7 10. b4 Qe7 11. Qc2 Kh8 12. e4 f4 13. gxf4 Nh5 14. Ne2 exf4 15. Bc3 g5 16. h3 Ne5 17. Bxe5 dxe5 18. Nc3 Rg8 19. Nh2 Nf6 20. b5 h5 21. f3 Be6 22. bxc6 bxc6 23. Rb2 Qd7 24. Rfb1 Bxh3 25. Bxh3 Qxh3 26. Qg2 Qd7 27. Qd2 Rgd8 28. Rd1 Bf8 29. Kg2 Bc5 30. Ne2 Rab8 31. Rxb8 Rxb8 32. d4 exd4 33. Nxd4 Rd8 34. Nb3 Qxd2+ 35. Rxd2 Rxd2+ 36. Nxd2 Nd7 37. Nb3 Bb6 38. Nf1 Kg7 39. Nfd2 Kf6 40. a4 Ke5 41. Nb1 Nc5 42. Nxc5 Bxc5 43. Nd2 Kd4 44. Kf1 Kd3 45. Nb3 Bb4 46. c5 Kc4 47. Nc1 Bxc5 48. Ke2 a5 49. Nd3 Bd4 50. Ne1 Kb3 51. Nd3 c5 52. e5 c4 53. Nc1+ Kc2 54. e6 Bf6 55. Na2 Kb2 56. Nb4 axb4 57. a5 c3 58. a6 c2 59. a7 c1Q 60. a8Q Qe3+ 61. Kf1 Bd4 0-1

[Event "Sao Bento do Sul op 08"]
[Site "Sao Bento do Sul"]
[Date "2017.08.19"]
[Round "3"]
[White "Goncalves, Eduardo Galina"]
[Black "De Mello, Amanda Carolina"]
[Result "0-1"]
[WhiteElo "1419"]
[BlackElo "1842"]
[PlyCount "160"]
[EventDate "2017.08.18"]
[EventType "swiss"]
[EventRounds "6"]
[EventCountry "BRA"]
[SourceTitle "EXT 2019"]
[Source "ChessBase"]
[SourceDate "2018.10.10"]
[SourceVersion "1"]
[SourceVersionDate "2018.10.10"]
[SourceQuality "1"]

1. e4 e5 2. Nf3 Nc6 3. Bc4 Bc5 4. c3 Nf6 5. d4 exd4 6. cxd4 Bb4+ 7. Bd2 Bxd2+ 8. Nbxd2 d5 9. exd5 Nxd5 10. Qb3 Na5 11. Qc2 Nxc4 12. Nxc4 Qe7+ 13. Qe2 Qxe2+ 14. Kxe2 Be6 15. Ne3 Nf4+ 16. Kd2 h6 17. Rac1 c6 18. Rhe1 0-0 19. a3 Rfe8 20. h4 Rad8 21. Kc3 c5 22. Rcd1 cxd4+ 23. Rxd4 Rc8+ 24. Kd2 Red8 25. g3 Ng6 26. Ke2 Ne7 27. Rxd8+ Rxd8 28. Rd1 Rc8 29. Nd4 Bd7 30. Rd2 Nc6 31. Nb5 Ne5 32. Nd4 Ng4 33. Nxg4 Bxg4+ 34. f3 Re8+ 35. Kf2 Bd7 36. Re2 Rd8 37. Rd2 Bc6 38. Ke3 Re8+ 39. Kd3 Bd5 40. Re2 Rc8 41. Ke3 Kf8 42. Rd2 g6 43. Rc2 Re8+ 44. Kd3 a6 45. Re2 Rd8 46. Ke3 Bc4 47. Rc2 Re8+ 48. Kf2 b5 49. b3 Be6 50. Re2 Ke7 51. Nxe6 fxe6 52. Rc2 Kd6 53. Ke3 Re7 54. b4 Rg7 55. Rd2+ Ke7 56. f4 g5 57. fxg5 hxg5 58. hxg5 Rxg5 59. Kf3 e5 60. Re2 Ke6 61. g4 Kd5 62. Re4 Rg7 63. Re3 Kd4 64. Rb3 e4+ 65. Ke2 Rxg4 66. Rh3 Rg2+ 67. Kd1 Ra2 68. Rb3 e3 69. Ke1 Ke4 70. Rc3 Kf3 71. Rc1 Rxa3 72. Kf1 Ra2 73. Kg1 Rb2 74. Re1 Rg2+ 75. Kh1 Rf2 76. Rg1 e2 77. Rg2 e1Q+ 78. Rg1 Rf1 79. Rxf1+ Qxf1+ 80. Kh2 Qg2# 0-1

[Event "Florianopolis Winter Amateur op"]
[Site "Florianopolis"]
[Date "2017.08.12"]
[Round "3"]
[White "De Carvalho, Christopher"]
[Black "De Mello, Amanda Carolina"]
[Result "1-0"]
[WhiteElo "2113"]
[BlackElo "1842"]
[PlyCount "102"]
[EventDate "2017.08.11"]
[EventType "swiss"]
[EventRounds "7"]
[EventCountry "BRA"]
[SourceTitle "CBM 180 Extra"]
[Source "ChessBase"]
[SourceDate "2017.10.06"]
[SourceVersion "1"]
[SourceVersionDate "2017.10.06"]
[SourceQuality "1"]

1. d4 d5 2. Nf3 Nf6 3. c4 c6 4. e3 Bg4 5. Qb3 Qc7 6. Nc3 e6 7. Bd2 Be7 8. Rc1 Qb6 9. Ne5 Qxb3 10. axb3 Bf5 11. Bd3 Bxd3 12. Nxd3 Nbd7 13. f3 0-0 14. e4 Nb6 15. e5 Ne8 16. c5 Nd7 17. Ke2 b6 18. b4 a5 19. Na4 bxc5 20. bxc5 Bd8 21. Ra1 Nc7 22. Nc3 Na6 23. b4 axb4 24. Nxb4 Ndb8 25. Ra4 Nc7 26. Rha1 Rxa4 27. Rxa4 Nb5 28. Nxb5 cxb5 29. Ra8 Bc7 30. Ra7 Bd8 31. Rb7 Ba5 32. Rxb5 Bxb4 33. Bxb4 Nc6 34. Bc3 h6 35. Rb6 Rc8 36. Kd3 g6 37. Kc2 Kg7 38. Kb3 Kf8 39. Ka4 Ke8 40. Kb5 Kd7 41. h4 Na7+ 42. Ka6 Nc6 43. g4 Ra8+ 44. Kb5 Rc8 45. f4 Na7+ 46. Ka6 Nc6 47. h5 Ra8+ 48. Kb5 Rc8 49. Rb7+ Rc7 50. Rxc7+ Kxc7 51. g5 hxg5 1-0

[Event "Catarinense-ch (Women)"]
[Site "Blumenau"]
[Date "2017.05.21"]
[Round "6"]
[White "De Mello, Amanda Carolina"]
[Black "Dull, Amanda Paul"]
[Result "0-1"]
[WhiteElo "1862"]
[BlackElo "1861"]
[PlyCount "76"]
[EventDate "2017.05.19"]
[EventType "swiss"]
[EventRounds "6"]
[EventCountry "BRA"]
[SourceTitle "CBM 178 Extra"]
[Source "ChessBase"]
[SourceDate "2017.06.22"]
[SourceVersion "1"]
[SourceVersionDate "2017.06.22"]
[SourceQuality "1"]

1. c4 Nf6 2. Nc3 d5 3. cxd5 Nxd5 4. d4 g6 5. e4 Nxc3 6. bxc3 Bg7 7. Nf3 c5 8. Qa4+ Bd7 9. Bb5 Nc6 10. Bb2 cxd4 11. cxd4 0-0 12. 0-0 a6 13. Bxc6 Bxc6 14. Qc2 Rc8 15. Rfe1 Qa5 16. Qd2 Qxd2 17. Nxd2 Rfd8 18. Nb3 e6 19. Rac1 Rc7 20. Bc3 Rcd7 21. Ba5 Rc8 22. Bb6 Rd6 23. Red1 Re8 24. Bc5 Rd7 25. f3 f5 26. Re1 Ra8 27. Bb6 fxe4 28. fxe4 Rf8 29. Bc5 Rf4 30. e5 Rdf7 31. g3 Rf3 32. Rc2 Bh6 33. Rce2 Bb5 34. Re4 Bd3 35. Rh4 Be3+ 36. Kh1 g5 37. Rh6 Rf1+ 38. Rxf1 Be4+ 0-1